[Event "Krasnoyarsk Region-ch"]
[Site "Krasnoyarsk"]
[Date "2016.09.30"]
[Round "2"]
[White "Dunaevskaya, Alisa"]
[Black "Morin, Andrey"]
[Result "0-1"]
[WhiteElo "1571"]
[BlackElo "2089"]
[PlyCount "74"]
[EventDate "2016.09.29"]
[EventType "swiss"]
[EventRounds "11"]
[EventCountry "RUS"]
[SourceTitle "EXT 2018"]
[Source "ChessBase"]
[SourceDate "2017.10.13"]
[SourceVersion "1"]
[SourceVersionDate "2017.10.13"]
[SourceQuality "1"]

1. Nf3 Nf6 2. d4 g6 3. c4 Bg7 4. Nc3 0-0 5. g3 d6 6. Bg2 Nbd7 7. 0-0 e5 8. Qc2 Re8 9. b3 exd4 10. Nxd4 a5 11. Ndb5 Nc5 12. Rd1 Bf5 13. Qd2 Nfe4 14. Qe1 c6 15. Bxe4 cxb5 16. Bxf5 b4 17. Nb5 Bxa1 18. Rxd6 Qe7 19. Be3 Bc3 20. Qd1 b6 21. Bg4 Rad8 22. Rd5 Be5 23. Bf3 Rxd5 24. Qxd5 Rd8 25. Qc6 Qf6 26. Qxf6 Rd1+ 27. Kg2 Bxf6 28. Nc7 Ra1 29. Ne8 Bd8 30. Bd5 Rxa2 31. Nd6 Ne6 32. Nc8 a4 33. bxa4 Rxa4 34. Nxb6 Bxb6 35. Bxb6 b3 36. Be4 b2 37. Be3 Rxc4 0-1

[Event "Krasnoyarsk-ch"]
[Site "Krasnoyarsk"]
[Date "2016.03.20"]
[Round "7"]
[White "Morin, Andrey"]
[Black "Yakovleva, Daria"]
[Result "1-0"]
[WhiteElo "2072"]
[BlackElo "2062"]
[PlyCount "47"]
[EventDate "2016.02.01"]
[EventType "swiss"]
[EventRounds "9"]
[EventCountry "RUS"]
[SourceTitle "CBM 171 Extra"]
[Source "ChessBase"]
[SourceDate "2016.04.26"]
[SourceVersion "1"]
[SourceVersionDate "2016.04.26"]
[SourceQuality "1"]

1. e4 d6 2. d4 Nf6 3. f3 g6 4. Be3 Bg7 5. c4 Nbd7 6. Nc3 b6 7. Qd2 c5 8. Nh3 Ba6 9. d5 Ne5 10. b3 Qd7 11. Be2 h5 12. 0-0 Bc8 13. Rae1 Qb7 14. Nf2 h4 15. h3 Nh5 16. f4 Nd7 17. Bxh5 Rxh5 18. e5 dxe5 19. d6 e6 20. Nb5 Kf8 21. Ng4 exf4 22. Bxf4 e5 23. Nc7 exf4 24. Re8# 1-0

[Event "Krasnoyarsk-ch"]
[Site "Krasnoyarsk"]
[Date "2016.03.19"]
[Round "6"]
[White "Komov, Roman"]
[Black "Morin, Andrey"]
[Result "1/2-1/2"]
[WhiteElo "2142"]
[BlackElo "2072"]
[PlyCount "92"]
[EventDate "2016.02.01"]
[EventType "swiss"]
[EventRounds "9"]
[EventCountry "RUS"]
[SourceTitle "CBM 171 Extra"]
[Source "ChessBase"]
[SourceDate "2016.04.26"]
[SourceVersion "1"]
[SourceVersionDate "2016.04.26"]
[SourceQuality "1"]

1. d4 Nf6 2. Nf3 g6 3. c4 Bg7 4. Nc3 0-0 5. e4 d6 6. h3 e5 7. d5 a5 8. Be3 Na6 9. g4 Nd7 10. Nd2 Ndc5 11. Rg1 Kh8 12. a3 Bd7 13. Qc2 f5 14. exf5 gxf5 15. 0-0-0 f4 16. Bxc5 Nxc5 17. Bd3 Nxd3+ 18. Qxd3 Bf6 19. Nce4 Be8 20. h4 Bg6 21. h5 Bxe4 22. Nxe4 Bg5 23. c5 f3+ 24. Kb1 Rf4 25. cxd6 cxd6 26. Rg3 Bh4 27. Rxf3 Rxg4 28. Rf7 Rg7 29. Rxg7 Kxg7 30. Rg1+ Kh8 31. f4 Bf6 32. Nxf6 Qxf6 33. fxe5 Qxe5 34. h6 Qf6 35. Qb3 Rg8 36. Rxg8+ Kxg8 37. Qxb7 Qxh6 38. Qa8+ Qf8 39. Qxa5 h5 40. Qd2 Qf5+ 41. Ka2 h4 42. a4 h3 43. a5 Qg4 44. a6 Qa4+ 45. Kb1 h2 46. Qxh2 Qd1+ 1/2-1/2

[Event "Krasnoyarsk-ch"]
[Site "Krasnoyarsk"]
[Date "2016.03.18"]
[Round "5"]
[White "Morin, Andrey"]
[Black "Izbranov, Alexander"]
[Result "1-0"]
[WhiteElo "2072"]
[BlackElo "2075"]
[PlyCount "89"]
[EventDate "2016.02.01"]
[EventType "swiss"]
[EventRounds "9"]
[EventCountry "RUS"]
[SourceTitle "CBM 171 Extra"]
[Source "ChessBase"]
[SourceDate "2016.04.26"]
[SourceVersion "1"]
[SourceVersionDate "2016.04.26"]
[SourceQuality "1"]

1. e4 e5 2. Nf3 Nf6 3. Nc3 Bb4 4. Nxe5 0-0 5. Nd3 Bxc3 6. dxc3 Nxe4 7. Be3 d5 8. Qf3 Qf6 9. Qxf6 Nxf6 10. f3 Re8 11. Kf2 Nbd7 12. Be2 c6 13. Rhe1 b6 14. Bf1 Bb7 15. g4 Nf8 16. h4 N6d7 17. h5 c5 18. Bd2 h6 19. Rxe8 Rxe8 20. Re1 Rxe1 21. Bxe1 Ne6 22. Be2 c4 23. Nc1 b5 24. Bd1 Ndc5 25. Bd2 a5 26. Ne2 Na4 27. Bc1 b4 28. cxb4 axb4 29. Ke3 c3 30. bxc3 bxc3 31. Nd4 Ba6 32. Nxe6 fxe6 33. Be2 d4+ 34. Kf2 Bxe2 35. Kxe2 e5 36. Kd3 Nb2+ 37. Ke4 Kf7 38. a4 Ke6 39. a5 Kd6 40. f4 exf4 41. Bxf4+ Kc5 42. Be5 Nd1 43. Bxd4+ Kb5 44. Kd3 Kxa5 45. Ke2 1-0